[Event "Druzynowe Mistrzostwa Regionu KPZSzach 2"]
[Site "Kujawsko-pomorskie"]
[Date "2020.??.??"]
[Round "4.1"]
[White "Bieluszewski, Robert"]
[Black "Gryniakow, Jaroslaw"]
[Result "1/2-1/2"]
[WhiteElo "1816"]
[BlackElo "2138"]
[PlyCount "106"]
[EventDate "2020.??.??"]

1. e4 c5 2. Nf3 Nc6 3. d4 cxd4 4. Nxd4 Nf6 5. Nc3 e5 6. Nxc6 bxc6 7. Bd3 Be7 8.
O-O O-O 9. Ne2 d5 10. f3 Bc5+ 11. Kh1 dxe4 12. fxe4 Ng4 13. Qe1 Qb6 14. h3 Nf2+
15. Kh2 Nxd3 16. cxd3 f5 17. Bd2 Ba6 18. Rxf5 Rxf5 19. exf5 Bxd3 20. Ng3 Re8
21. Ne4 Bd4 22. Bc3 c5 23. Rd1 c4 24. b3 Qc6 25. Ng3 Bc2 26. Rc1 cxb3 27. axb3
Bxb3 28. Bxd4 exd4 29. Qd2 Qd6 30. Re1 Rc8 31. Re4 Rc3 32. Rf4 Re3 33. Qxd4
Qxd4 34. Rxd4 a5 35. Ne4 Bc2 36. Nd6 Kf8 37. Rc4 Bb3 38. Rc8+ Ke7 39. Nb5 a4
40. g4 Rd3 41. Rc7+ Kf6 42. g5+ Kxg5 43. Rxg7+ Kxf5 44. Rxh7 Kf4 45. h4 Rd2+
46. Kg1 Be6 47. Ra7 Kg3 48. Nc3 Rc2 49. Ne4+ Kf4 50. Ng5 Kg3 51. Ne4+ Kxh4 52.
Rxa4 Rc4 53. Rxc4 Bxc4 1/2-1/2

[Event "Druzynowe Mistrzostwa Regionu KPZSzach 2"]
[Site "Kujawsko-pomorskie"]
[Date "2020.??.??"]
[Round "4.2"]
[White "Gorniewicz, Oskar"]
[Black "Bieluszewski, Lukasz"]
[Result "1-0"]
[WhiteElo "1930"]
[BlackElo "1695"]
[PlyCount "89"]
[EventDate "2020.??.??"]

1. d4 Nf6 2. c4 e6 3. a3 d5 4. e3 c5 5. Nf3 Nc6 6. dxc5 Bxc5 7. b4 Bb6 8. Bb2
O-O 9. Nbd2 Bc7 10. Be2 a6 11. O-O b6 12. Qc2 Bb7 13. Rfd1 Qe7 14. Bxf6 Qxf6
15. cxd5 exd5 16. Rac1 Rac8 17. Qb3 Rfd8 18. Nf1 Ne5 19. Nd4 Bd6 20. Ng3 g6 21.
a4 Nc4 22. b5 Bxg3 23. hxg3 Nd2 24. Qa2 Ne4 25. Bf3 Nc3 26. Rxc3 Rxc3 27. bxa6
Bxa6 28. Bxd5 Rc5 29. Bf3 Rdc8 30. Qa3 Rc3 31. Qa1 Qe7 32. Qb2 Qa3 33. Qxb6
Qxa4 34. Qf6 Rc1 35. Rxc1 Rxc1+ 36. Kh2 Qa1 37. g4 Qa5 38. g3 Qa2 39. Be4 Rc8
40. Nc6 Re8 41. Ne7+ Kf8 42. Nd5 Kg8 43. Qf4 Re6 44. Nf6+ Kg7 45. Bd5 1-0

[Event "Druzynowe Mistrzostwa Regionu KPZSzach 2"]
[Site "Kujawsko-pomorskie"]
[Date "2020.??.??"]
[Round "4.3"]
[White "Luchowski, Ferdynand"]
[Black "Bartosik, Piotr"]
[Result "0-1"]
[WhiteElo "1549"]
[BlackElo "1891"]
[PlyCount "66"]
[EventDate "2020.??.??"]

1. Nf3 Nf6 2. d4 g6 3. c3 Bg7 4. Bf4 d6 5. h3 b6 6. e3 O-O 7. Be2 Bb7 8. O-O
Nbd7 9. Nbd2 Kh8 10. Qc2 Nd5 11. Bg3 e5 12. dxe5 dxe5 13. Rad1 Qe7 14. Bc4 c6
15. Bh4 f6 16. Be2 g5 17. Bg3 f5 18. Ne1 f4 19. e4 fxg3 20. exd5 gxf2+ 21. Rxf2
Rxf2 22. Kxf2 cxd5 23. Nb3 Rf8+ 24. Kg1 Nc5 25. Bf3 e4 26. Be2 Qf7 27. Qd2 Qf2+
28. Kh1 e3 29. Qc2 d4 30. Nxd4 Qf1+ 31. Bxf1 Rxf1+ 32. Kh2 Be5+ 33. g3 Rh1# 0-1

[Event "Druzynowe Mistrzostwa Regionu KPZSzach 2"]
[Site "Kujawsko-pomorskie"]
[Date "2020.??.??"]
[Round "4.4"]
[White "Mikolajczak, Wojciech"]
[Black "Malinowski, Tomasz"]
[Result "1-0"]
[WhiteElo "1794"]
[BlackElo "1624"]
[PlyCount "99"]
[EventDate "2020.??.??"]

1. c4 Nf6 2. Nc3 e5 3. g3 c6 4. Bg2 Na6 5. d4 exd4 6. Qxd4 Bc5 7. Qe5+ Qe7 8.
Qxe7+ Bxe7 9. Nf3 d6 10. O-O h6 11. Rd1 Be6 12. b3 O-O-O 13. Be3 Kb8 14. h3 Bf5
15. Nd4 Bh7 16. Bxc6 Nb4 17. Bg2 Nd7 18. Rac1 Ne5 19. Rd2 Nbc6 20. Nxc6+ Nxc6
21. Rcd1 a6 22. Bxc6 bxc6 23. Bf4 Bf6 24. Rxd6 Rxd6 25. Rxd6 Kb7 26. Na4 Bf5
27. g4 Bc8 28. Nc5+ Kb6 29. Nd7+ Bxd7 30. Rxd7 a5 31. Rxf7 Kc5 32. Ra7 Kb6 33.
Be3+ c5 34. Rd7 Kc6 35. Rd5 Be7 36. Bd2 Ra8 37. e4 a4 38. f4 axb3 39. axb3 Rb8
40. Rd3 Ra8 41. e5 Rb8 42. Kg2 Kc7 43. Kg3 Ra8 44. h4 Ra1 45. Be3 Kc6 46. g5 h5
47. f5 Rf1 48. f6 gxf6 49. gxf6 Bf8 50. Rd8 1-0

[Event "Druzynowe Mistrzostwa Regionu KPZSzach 2"]
[Site "Kujawsko-pomorskie"]
[Date "2020.??.??"]
[Round "4.5"]
[White "Rybak, Elzbieta"]
[Black "Mackiewicz, Anna"]
[Result "0-1"]
[WhiteElo "1192"]
[BlackElo "1857"]
[PlyCount "78"]
[EventDate "2020.??.??"]

1. e4 e6 2. Nc3 d5 3. e5 c5 4. Nf3 Nc6 5. Bb5 Nge7 6. O-O a6 7. Be2 Ng6 8. d4
cxd4 9. Nxd4 Ngxe5 10. Nf3 Nxf3+ 11. Bxf3 Bd6 12. g3 O-O 13. Bg2 Qf6 14. Ne2 b5
15. Kh1 Bb7 16. Ng1 b4 17. Nh3 a5 18. c3 bxc3 19. Bg5 Qg6 20. bxc3 Be5 21. Rc1
Ba6 22. Rg1 Rac8 23. Qd2 Bb8 24. f4 f6 25. Bh4 Rfd8 26. Rce1 Qf7 27. g4 d4 28.
g5 f5 29. g6 hxg6 30. Ng5 Qa7 31. Nxe6 dxc3 32. Qxc3 Rd3 33. Qb2 Nb4 34. Ba8
Qxa8+ 35. Qg2 Bb7 36. Re2 Bxg2+ 37. Rexg2 Rc2 38. Bg3 Rxg2 39. Rxg2 Rd1+ 0-1

[Event "Druzynowe Mistrzostwa Regionu KPZSzach 2"]
[Site "Kujawsko-pomorskie"]
[Date "2020.??.??"]
[Round "4.6"]
[White "Kacprzak, Karol"]
[Black "Wolanski, Michal"]
[Result "1-0"]
[WhiteElo "1868"]
[BlackElo "2008"]
[PlyCount "121"]
[EventDate "2020.??.??"]

1. e4 c5 2. Nf3 e6 3. d4 cxd4 4. Nxd4 Nc6 5. Nc3 Qc7 6. Be3 a6 7. g3 Nf6 8. f4
d6 9. a3 Be7 10. Bg2 Nxd4 11. Qxd4 e5 12. fxe5 dxe5 13. Qb6 Qxb6 14. Bxb6 Bg4
15. h3 Be6 16. O-O Rc8 17. Rf2 Bc5 18. Bxc5 Rxc5 19. Nd5 Bxd5 20. exd5 Kd7 21.
g4 h6 22. h4 Rf8 23. Raf1 Kd6 24. g5 hxg5 25. hxg5 Ne8 26. Rxf7 Rxf7 27. Rxf7
Rc7 28. Rf2 Rc4 29. Rf7 Rc7 30. g6 Nf6 31. Rxc7 Kxc7 32. d6+ Kxd6 33. Bxb7 a5
34. b4 axb4 35. axb4 Ng4 36. c4 Kc7 37. Bf3 Nf6 38. Kf2 e4 39. Bg2 Kd6 40. Ke3
Ke5 41. Bh3 Ng8 42. b5 Ne7 43. b6 Kd6 44. Kxe4 Kc6 45. c5 Kxc5 46. b7 Nc6 47.
Bd7 Nb8 48. Be8 Kd6 49. Bb5 Ke6 50. Kd4 Kd6 51. Kc4 Kc7 52. Kd5 Kxb7 53. Ke6
Kb6 54. Ba4 Na6 55. Kf7 Nb4 56. Kxg7 Nd3 57. Kh8 Nf4 58. g7 Ng6+ 59. Kg8 Ne7+
60. Kf8 Ng6+ 61. Kf7 1-0

[Event "Druzynowe Mistrzostwa Regionu KPZSzach 2"]
[Site "Kujawsko-pomorskie"]
[Date "2020.??.??"]
[Round "4.7"]
[White "Wrzos, Waldemar"]
[Black "Kacprzak, Kacper"]
[Result "0-1"]
[WhiteElo "1611"]
[BlackElo "1845"]
[PlyCount "72"]
[EventDate "2020.??.??"]

1. e4 e6 2. Nc3 d5 3. exd5 exd5 4. d4 Bb4 5. Nf3 Ne7 6. Bd3 Nbc6 7. O-O Bg4 8.
Be3 Qd7 9. a3 Bd6 10. Nb5 O-O-O 11. Nxd6+ Qxd6 12. b4 Rde8 13. c3 Bf5 14. Qd2
Bxd3 15. Qxd3 Qg6 16. Qd2 Nf5 17. Bf4 f6 18. h3 Qh5 19. Kh2 g5 20. g4 Qh6 21.
Bxg5 fxg5 22. gxf5 Qd6+ 23. Kh1 h6 24. Rae1 Re4 25. Rxe4 dxe4 26. Nh2 Qd5 27.
Qe3 Qxf5 28. f4 Ne7 29. Ng4 Qd5 30. Nf6 Qc4 31. Kg1 Nf5 32. Qe1 Nxd4 33. Kf2
Qa2+ 34. Kg3 Nf5+ 35. Kg4 Qe6 36. Qxe4 Qxe4 0-1

[Event "Druzynowe Mistrzostwa Regionu KPZSzach 2"]
[Site "Kujawsko-pomorskie"]
[Date "2020.??.??"]
[Round "4.8"]
[White "Budnik, Mateusz"]
[Black "Musial, Marian"]
[Result "1/2-1/2"]
[WhiteElo "2072"]
[BlackElo "1526"]
[PlyCount "68"]
[EventDate "2020.??.??"]

1. e4 e6 2. d4 c5 3. Nf3 cxd4 4. Nxd4 Bc5 5. Nb3 Bb6 6. Bd3 Nc6 7. O-O Nge7 8.
Bf4 e5 9. Bg3 Ng6 10. Nc3 O-O 11. Nd5 d6 12. c3 Be6 13. Bc2 Bxd5 14. Qxd5 Qe7
15. Nd2 Nf4 16. Bxf4 exf4 17. Nc4 Bc7 18. Rad1 Rad8 19. Na3 f3 20. gxf3 Qf6 21.
Qh5 Ne5 22. Kg2 a6 23. Rg1 Ng6 24. Kh1 Qh4 25. Qxh4 Nxh4 26. Rd3 f5 27. exf5
Rxf5 28. Rd4 Rh5 29. Bd1 d5 30. f4 Rh6 31. Rg4 Ng6 32. Bb3 Ne7 33. Nc2 Kf8 34.
Ne3 b5 {DALSZY ZAPIS PARTII NIECZYTELNY} 1/2-1/2

[Event "Druzynowe Mistrzostwa Regionu KPZSzach 2"]
[Site "Kujawsko-pomorskie"]
[Date "2020.??.??"]
[Round "4.9"]
[White "Przybylski, Bartosz"]
[Black "Olszewski, Marek"]
[Result "0-1"]
[WhiteElo "1379"]
[BlackElo "2003"]
[PlyCount "142"]
[EventDate "2020.??.??"]

1. e4 Nc6 2. Nf3 d6 3. d4 Bg4 4. Be2 Nf6 5. Nc3 e6 6. O-O Be7 7. h3 Bh5 8. Re1
O-O 9. Be3 d5 10. exd5 exd5 11. Nh2 Bg6 12. Bd3 Bxd3 13. Qxd3 h6 14. Nf3 Re8
15. Ne5 Nb4 16. Qd2 c6 17. a3 Na6 18. Rad1 Nc7 19. Qc1 Ne6 20. Rd3 Bf8 21. Qd1
Nd7 22. Nxd7 Qxd7 23. Qg4 g6 24. Ne2 Bg7 25. Nf4 Nf8 26. Qxd7 Nxd7 27. c3 a5
28. Rdd1 a4 29. Nd3 Nb6 30. Nc5 Nc4 31. Bc1 Rxe1+ 32. Rxe1 b5 33. Nd3 Bf8 34.
Nb4 Rc8 35. Re2 f6 36. Re6 Bxb4 37. cxb4 Kf7 38. Re2 h5 39. Rc2 Re8 40. Kf1 Re4
41. Be3 f5 42. g3 h4 43. Kg2 hxg3 44. Kxg3 Ke6 45. Rc3 Kd7 46. b3 axb3 47. Rxb3
Ke6 48. Rd3 Kf6 49. h4 Re8 50. Bg5+ Kf7 51. Bf4 Re1 52. Rc3 Rg1+ 53. Kh3 Rg4
54. Rf3 Nxa3 55. Rxa3 Rxf4 56. Rc3 Rxd4 57. Rxc6 Rxb4 58. Rc5 d4 59. Rc7+ Ke6
60. Rc6+ Ke5 61. Rxg6 d3 62. h5 d2 63. f4+ Rxf4 64. Rg1 Rd4 65. Rd1 Rd6 66. Kh4
Kf4 67. Rf1+ Ke3 68. Kg5 d1=Q 69. Rxf5 Qg1+ 70. Kh4 Rb6 71. Kh3 b4 0-1

[Event "Druzynowe Mistrzostwa Regionu KPZSzach 2"]
[Site "Kujawsko-pomorskie"]
[Date "2020.??.??"]
[Round "4.10"]
[White "Dabrowska, Aleksandra"]
[Black "Paprocka, Renata"]
[Result "1-0"]
[WhiteElo "1550"]
[BlackElo "1925"]
[PlyCount "75"]
[EventDate "2020.??.??"]

1. e4 c5 2. Nf3 d6 3. d4 cxd4 4. Qxd4 Nc6 5. Bb5 Bd7 6. Bxc6 Bxc6 7. c4 Nf6 8.
Nc3 g6 9. h3 Bg7 10. Qd3 O-O 11. O-O a6 12. Rd1 Qa5 13. a3 Rac8 14. Rb1 b5 15.
cxb5 axb5 16. b4 Qa8 17. Re1 Bb7 18. Bb2 Rc4 19. Nd2 Rfc8 20. Nxc4 Rxc4 21. f3
Qc8 22. Ne2 Bh6 23. Bxf6 exf6 24. Qxd6 Be3+ 25. Kh1 Rxe4 26. fxe4 Bxe4 27. Qg3
Bb6 28. Rbc1 Qf5 29. Rf1 Qe6 30. Ng1 Kg7 31. Rce1 f5 32. Qc3+ f6 33. Nf3 Qd6
34. Rd1 Qg3 35. Rd7+ Kh6 36. Qc1+ f4 37. Rf7 Bf5 38. Qe1 1-0

[Event "Druzynowe Mistrzostwa Regionu KPZSzach 2"]
[Site "Kujawsko-pomorskie"]
[Date "2020.??.??"]
[Round "4.11"]
[White "Straszewski, Tomasz"]
[Black "Jablonski, Miroslaw"]
[Result "1-0"]
[WhiteElo "1682"]
[BlackElo "1830"]
[PlyCount "79"]
[EventDate "2020.??.??"]

1. d4 d5 2. c4 c6 3. Nf3 Nf6 4. e3 e6 5. Nbd2 Bd6 6. b3 Nbd7 7. Bb2 Ne4 8. Nxe4
dxe4 9. Nd2 f5 10. f4 Qh4+ 11. g3 Qh6 12. Be2 Nf6 13. Qc2 c5 14. O-O-O g5 15.
Kb1 Rg8 16. Qc3 Ke7 17. dxc5 Bc7 18. b4 gxf4 19. exf4 Rd8 20. Nb3 Bd7 21. Nd4
Ba4 22. Rdf1 a6 23. h3 Rd7 24. Qa3 b5 25. cxb6 Bxb6 26. c5 Rxd4 27. Bxd4 Bc7
28. Qxa4 Nd5 29. a3 e5 30. Bc4 Nxf4 31. Be3 Ne2 32. Bxh6 Nc3+ 33. Kc2 Nxa4 34.
Kb3 Nxc5+ 35. bxc5 Rb8+ 36. Kc2 Kf6 37. Rb1 Rd8 38. Rb6+ Bxb6 39. cxb6 Rb8 40.
Rb1 1-0

[Event "Druzynowe Mistrzostwa Regionu KPZSzach 2"]
[Site "Kujawsko-pomorskie"]
[Date "2020.??.??"]
[Round "4.12"]
[White "Maslowski, Jakub"]
[Black "Kaminski, Mateusz"]
[Result "1/2-1/2"]
[WhiteElo "1523"]
[BlackElo "1432"]
[PlyCount "60"]
[EventDate "2020.??.??"]

1. c4 c5 2. Nc3 Nc6 3. e4 Nf6 4. g3 d6 5. Bg2 g6 6. Nge2 Bg7 7. O-O O-O 8. h3
Ne8 9. d3 f5 10. Kh2 Nc7 11. Be3 fxe4 12. Bxe4 Qd7 13. Bg2 Ne6 14. f4 Ned4 15.
Qd2 Rb8 16. Rae1 e5 17. fxe5 Rxf1 18. Rxf1 Bxe5 19. Bh6 Nf5 20. Nd5 Nxh6 21.
Qxh6 Qg7 22. Qxg7+ Kxg7 23. Nec3 Bd7 24. Ne4 Bf5 25. b3 Re8 26. Nc7 Re7 27. Nd5
Re8 28. Nc7 Re7 29. Nd5 Re8 30. Nc7 Re7 1/2-1/2

[Event "Druzynowe Mistrzostwa Regionu KPZSzach 2"]
[Site "Kujawsko-pomorskie"]
[Date "2020.??.??"]
[Round "4.13"]
[White "Podlewski, Szymon"]
[Black "Zajac, Szymon"]
[Result "1-0"]
[WhiteElo "1540"]
[BlackElo "1421"]
[PlyCount "103"]
[EventDate "2020.??.??"]

1. e4 c5 2. Nf3 Nc6 3. d4 cxd4 4. Nxd4 d6 5. Bb5 Bd7 6. Bxc6 Bxc6 7. Nxc6 bxc6
8. O-O g6 9. Qd4 e5 10. Qa4 Qc7 11. Nc3 Bg7 12. Nd5 Qb7 13. Rd1 Ne7 14. Bg5
Nxd5 15. exd5 Rc8 16. dxc6 Qxc6 17. Qxa7 Rc7 18. Qb8+ Kd7 19. Qb3 Rf8 20. c3 f5
21. Rxd6+ Qxd6 22. Rd1 Qxd1+ 23. Qxd1+ Kc8 24. Qd6 Rff7 25. Qa6+ Kb8 26. Qb6+
Kc8 27. g3 f4 28. gxf4 exf4 29. f3 h6 30. Bh4 g5 31. Bf2 Rf6 32. Qb3 Rd6 33. a4
Rd2 34. a5 Rb7 35. Qg8+ Rd8 36. Qe6+ Kb8 37. a6 Rxb2 38. a7+ Kc7 39. Qe7+ Rd7
40. Qxd7+ Kxd7 41. a8=Q Bxc3 42. Qd5+ Ke8 43. Qc6+ Kf7 44. Qxc3 Rb1+ 45. Kg2
Rb7 46. Qc4+ Kg7 47. Qd4+ Kf8 48. Qf6+ Kg8 49. Qg6+ Rg7 50. Qe8+ Kh7 51. Bd4
Rg8 52. Qf7+ 1-0

[Event "Druzynowe Mistrzostwa Regionu KPZSzach 2"]
[Site "Kujawsko-pomorskie"]
[Date "2020.??.??"]
[Round "4.14"]
[White "Zajac, Robert"]
[Black "Bromirski, Gracjan"]
[Result "1/2-1/2"]
[WhiteElo "1282"]
[BlackElo "1347"]
[PlyCount "87"]
[EventDate "2020.??.??"]

1. d4 f5 2. Bf4 Nf6 3. Nf3 g6 4. e3 Bg7 5. c4 O-O 6. Nc3 e6 7. Be2 d5 8. cxd5
exd5 9. O-O c6 10. h3 Nbd7 11. Ng5 Re8 12. Re1 Nf8 13. a4 Ne6 14. Nxe6 Bxe6 15.
Be5 Ne4 16. Bxg7 Kxg7 17. Nxe4 dxe4 18. Qc2 Qd5 19. Rec1 Qd6 20. Qc3 Bd5 21.
Bc4 Red8 22. Qb3 Rd7 23. Bxd5 Qxd5 24. Qxd5 Rxd5 25. b4 Rc8 26. Rc2 Kf7 27.
Rac1 Ke7 28. Kf1 Kd7 29. Ke2 a6 30. h4 Ra8 31. Rc5 Rxc5 32. Rxc5 b5 33. a5 Re8
34. h5 Re7 35. f3 Re8 36. Kf2 Re7 37. fxe4 Rxe4 38. hxg6 hxg6 39. g3 Re8 40.
Rc3 Rh8 41. Kf3 Kd6 42. Kf4 Re8 43. Kg5 Re6 44. Kf4 1/2-1/2

[Event "Druzynowe Mistrzostwa Regionu KPZSzach 2"]
[Site "Kujawsko-pomorskie"]
[Date "2020.??.??"]
[Round "4.15"]
[White "Borkowska, Zuzanna"]
[Black "Sivickis, Kornelia"]
[Result "1-0"]
[WhiteElo "1592"]
[BlackElo "1111"]
[PlyCount "99"]
[EventDate "2020.??.??"]

1. e4 c5 2. Nf3 e6 3. d3 a6 4. a4 Qc7 5. g3 Nf6 6. Bg2 Be7 7. O-O Nc6 8. Nc3 d6
9. Bd2 O-O 10. Nh4 b6 11. f4 Bb7 12. g4 Nd7 13. g5 f6 14. g6 h6 15. Qh5 f5 16.
exf5 Bxh4 17. fxe6 Nf6 18. Qxh4 Nd4 19. f5 Nxc2 20. Rac1 Nd4 21. Rf2 Bxg2 22.
Kxg2 Qb7+ 23. Ne4 Nxe4 24. Qxe4 Qxe4+ 25. dxe4 Rfe8 26. Bf4 Rad8 27. Rd1 Kf8
28. b4 Re7 29. bxc5 bxc5 30. Rb2 Rc7 31. Rb6 Rc6 32. Rxc6 Nxc6 33. Rxd6 Rxd6
34. Bxd6+ Ke8 35. Bxc5 Nd8 36. Kf3 Nc6 37. Ke3 Nd8 38. Kd4 Nc6+ 39. Kd5 Nd8 40.
e5 Nb7 41. f6 gxf6 42. exf6 Nxc5 43. Kxc5 Kf8 44. g7+ Kg8 45. e7 Kf7 46. e8=Q+
Kxe8 47. g8=Q+ Kd7 48. Qf7+ Kd8 49. Kc6 Kc8 50. Qc7# 1-0

[Event "Druzynowe Mistrzostwa Regionu KPZSzach 2"]
[Site "Kujawsko-pomorskie"]
[Date "2020.??.??"]
[Round "4.16"]
[White "Grochowalski, Pawel"]
[Black "Krainski, Aleksander"]
[Result "1-0"]
[WhiteElo "2085"]
[BlackElo "2109"]
[PlyCount "113"]
[EventDate "2020.??.??"]

1. d4 d5 2. c4 e6 3. Nf3 Nf6 4. Qc2 Be7 5. g3 O-O 6. Bg2 c6 7. Nbd2 b6 8. O-O
Bb7 9. e4 Na6 10. a3 c5 11. exd5 exd5 12. dxc5 Nxc5 13. b4 Ne6 14. Bb2 Rc8 15.
Ne5 Rc7 16. Qb3 dxc4 17. Ndxc4 Bxg2 18. Kxg2 Qd5+ 19. Qf3 b5 20. Ne3 Qd2 21.
Rab1 Ng5 22. Qf5 Nd5 23. N5g4 Nxe3+ 24. Nxe3 Qd7 25. Rbc1 f6 26. Rfd1 Qxf5 27.
Nxf5 Rb7 28. Rd5 Rfb8 29. Rcd1 Bf8 30. Bd4 Nf7 31. f4 Ra8 32. Bc5 Bxc5 33. Rxc5
g6 34. Ne3 a5 35. Nd5 axb4 36. axb4 Ra6 37. Rc8+ Kg7 38. Nc7 Rab6 39. Rd7 f5
40. Re8 Rd6 41. Ree7 Rxd7 42. Rxd7 Rb6 43. Rd5 Kf8 44. Rxb5 Rxb5 45. Nxb5 Ke7
46. Kf3 Kd7 47. Ke3 Kc6 48. Nc3 Nd8 49. Kd4 Kd6 50. Nb5+ Kc6 51. Kc4 h6 52.
Nd4+ Kd6 53. Nf3 Ke6 54. Kc5 Nf7 55. b5 Nd6 56. b6 Nb7+ 57. Kc6 1-0

[Event "Druzynowe Mistrzostwa Regionu KPZSzach 2"]
[Site "Kujawsko-pomorskie"]
[Date "2020.??.??"]
[Round "4.17"]
[White "Krainski, Slawomir"]
[Black "Kulinski, Krzysztof"]
[Result "1/2-1/2"]
[WhiteElo "2107"]
[BlackElo "1977"]
[PlyCount "100"]
[EventDate "2020.??.??"]

1. d4 d5 2. Nf3 Nf6 3. e3 e6 4. Bd3 Be7 5. O-O O-O 6. Nbd2 b6 7. Qe2 Bb7 8. e4
dxe4 9. Nxe4 Nbd7 10. Rd1 Qc8 11. Neg5 Bd6 12. Ne5 h6 13. Ngf3 c5 14. c3 cxd4
15. cxd4 Nd5 16. Nxd7 Qxd7 17. Ne5 Qe7 18. a3 Rfd8 19. Bd2 Rac8 20. Rac1 Bb8
21. Ba6 Rxc1 22. Rxc1 Bxe5 23. dxe5 Bxa6 24. Qxa6 Nc7 25. Qe2 Qd7 26. Be3 Nd5
27. Bd2 a5 28. h3 Rc8 29. Rxc8+ Qxc8 30. Qd3 Qc7 31. Qe4 Qc5 32. b4 axb4 33.
Bxb4 Qc1+ 34. Kh2 Qb2 35. f4 Qf2 36. f5 Nxb4 37. fxe6 fxe6 38. axb4 b5 39. Qa8+
Kh7 40. Qe4+ Qf5 41. Qd4 h5 42. Qc5 Qf4+ 43. Kg1 h4 44. Qxb5 Qe3+ 45. Kf1 Qf4+
46. Ke2 Qe4+ 47. Kf2 Qf4+ 48. Ke2 Qe4+ 49. Kf2 Qf4+ 50. Ke2 Qe4+ 1/2-1/2

[Event "Druzynowe Mistrzostwa Regionu KPZSzach 2"]
[Site "Kujawsko-pomorskie"]
[Date "2020.??.??"]
[Round "4.18"]
[White "Augustowski, Janusz"]
[Black "Szczesniak, Andrzej"]
[Result "1/2-1/2"]
[WhiteElo "1740"]
[BlackElo "1934"]
[PlyCount "100"]
[EventDate "2020.??.??"]

1. d4 d5 2. Nf3 Nf6 3. g3 Bf5 4. Bg2 e6 5. O-O h6 6. c4 c6 7. Ne5 Nbd7 8. Qb3
Qb6 9. Nxd7 Nxd7 10. Nd2 Nf6 11. cxd5 Qxb3 12. Nxb3 exd5 13. Bf4 O-O-O 14. Rfc1
Bd6 15. Bxd6 Rxd6 16. Rc3 Re8 17. e3 g5 18. Rac1 Be4 19. Nc5 Bxg2 20. Kxg2 Ne4
21. Nxe4 Rxe4 22. b4 a6 23. a4 Kd7 24. b5 axb5 25. axb5 Re8 26. bxc6+ Rxc6 27.
Rxc6 bxc6 28. Ra1 Rb8 29. Ra7+ Ke6 30. Rc7 Rb6 31. Kf3 Kf6 32. h4 Kg6 33. h5+
Kg7 34. Kg4 Rb2 35. f4 gxf4 36. Kxf4 Rf2+ 37. Kg4 Rf6 38. Rc8 Re6 39. Kf3 Rf6+
40. Ke2 Re6 41. Kf3 Rf6+ 42. Ke2 Re6 43. g4 Kf6 44. Kf3 Kg5 45. Rg8+ Kf6 46.
g5+ Kf5 47. gxh6 Rxh6 48. Rf8 Rxh5 49. Rxf7+ Ke6 50. Rc7 Kd6 1/2-1/2

[Event "Druzynowe Mistrzostwa Regionu KPZSzach 2"]
[Site "Kujawsko-pomorskie"]
[Date "2020.??.??"]
[Round "4.19"]
[White "Laskowski, Filip"]
[Black "Jeziorny, Janusz"]
[Result "1/2-1/2"]
[WhiteElo "1902"]
[BlackElo "1719"]
[PlyCount "69"]
[EventDate "2020.??.??"]

1. c4 Nf6 2. g3 c6 3. Nf3 g6 4. b3 Bg7 5. Bb2 O-O 6. Bg2 d5 7. O-O Bf5 8. d3
Nbd7 9. h3 h5 10. Nbd2 Re8 11. Nd4 e5 12. Nxf5 gxf5 13. cxd5 cxd5 14. Nf3 Qe7
15. Nh4 Qe6 16. Qd2 Nh7 17. e4 fxe4 18. dxe4 d4 19. Nf5 Bf8 20. f4 f6 21. Qd1
Nc5 22. b4 Qb6 23. bxc5 Qxb2 24. Rb1 Qxa2 25. Rxb7 Rab8 26. Rxh7 Kxh7 27. Qxh5+
Kg8 28. Qg6+ Kh8 29. Qxf6+ Kh7 30. Qh4+ Kg8 31. Qg5+ Kh7 32. Qh5+ Kg8 33. Qg6+
Kh8 34. Qh5+ Kg8 35. Qg6+ 1/2-1/2

[Event "Druzynowe Mistrzostwa Regionu KPZSzach 2"]
[Site "Kujawsko-pomorskie"]
[Date "2020.??.??"]
[Round "4.20"]
[White "Cichocka, Katarzyna"]
[Black "Pacuszka, Wioletta"]
[Result "1-0"]
[WhiteElo "1540"]
[BlackElo "1743"]
[PlyCount "79"]
[EventDate "2020.??.??"]

1. e4 c5 2. Nf3 d6 3. d4 cxd4 4. Nxd4 Nf6 5. Nc3 a6 6. a4 e6 7. Be2 Be7 8. Be3
O-O 9. O-O Qc7 10. f4 Nc6 11. Qe1 Bd7 12. Qg3 Nxd4 13. Bxd4 Bc6 14. Bd3 Rad8
15. Kh1 Rd7 16. a5 Qd8 17. Qh3 g6 18. f5 e5 19. Bb6 Qc8 20. fxg6 hxg6 21. Be3
Rc7 22. Qf3 Qg4 23. Bh6 Re8 24. Rf2 Qh4 25. Be3 Ng4 26. g3 Nxf2+ 27. Qxf2 Qf6
28. Qe2 Bf8 29. Rf1 Qg7 30. Bb6 Rcc8 31. Bc4 Re7 32. Nd5 Bxd5 33. Bxd5 Qh6 34.
c4 Qh5 35. Qf2 g5 36. Qf5 Rce8 37. Be3 Bh6 38. g4 Qh3 39. Rf3 Qh4 40. Bf2 1-0

[Event "Druzynowe Mistrzostwa Regionu KPZSzach 2"]
[Site "Kujawsko-pomorskie"]
[Date "2020.??.??"]
[Round "4.22"]
[White "Jesse, Jacek"]
[Black "Zolnierowicz, Krzysztof"]
[Result "1/2-1/2"]
[WhiteElo "1965"]
[BlackElo "1987"]
[PlyCount "68"]
[EventDate "2020.??.??"]

1. d4 c5 2. d5 e6 3. c4 exd5 4. cxd5 d6 5. Nc3 a6 6. a4 g6 7. e4 Bg7 8. Qb3 Nf6
9. Nf3 O-O 10. Bd3 Qc7 11. O-O Nbd7 12. h3 Re8 13. Re1 Nh5 14. g4 Nhf6 15. Bf4
Ne5 16. Nxe5 dxe5 17. Bg3 h5 18. f3 Bd7 19. Bc4 Qd6 20. a5 Bh6 21. Re2 Rab8 22.
Bh4 b5 23. axb6 Rxb6 24. Qa3 Bb5 25. Qa2 Bf4 26. Na4 Rb7 27. Bf2 Nd7 28. Kg2
hxg4 29. hxg4 Re7 30. b3 Kg7 31. Rh1 f5 32. gxf5 gxf5 33. exf5 Qf6 34. Nc3 Bxc4
1/2-1/2

[Event "Druzynowe Mistrzostwa Regionu KPZSzach 2"]
[Site "Kujawsko-pomorskie"]
[Date "2020.??.??"]
[Round "4.23"]
[White "Kaminski, Damian"]
[Black "Operman, Dariusz"]
[Result "1-0"]
[WhiteElo "1839"]
[BlackElo "1417"]
[PlyCount "88"]
[EventDate "2020.??.??"]

1. d4 f5 2. Nf3 Nf6 3. c3 e6 4. Bg5 h6 5. Bxf6 Qxf6 6. Nbd2 d5 7. Ne5 Bd6 8.
Ndf3 Nd7 9. Nd3 O-O 10. g3 c5 11. dxc5 Nxc5 12. Bg2 Ne4 13. e3 b6 14. O-O Ba6
15. Re1 g5 16. Nd4 Nc5 17. Nxc5 bxc5 18. Nxe6 Rfe8 19. Nxc5 Bc4 20. Bxd5+ Bxd5
21. Qxd5+ Kh7 22. Rad1 Be7 23. Qe6 Kg6 24. Qxf6+ Bxf6 25. Rd6 Kf7 26. Rd7+ Re7
27. Red1 Rc8 28. Nb3 Rc7 29. Rxc7 Rxc7 30. Rd5 Ke6 31. Ra5 f4 32. exf4 gxf4 33.
Kg2 fxg3 34. hxg3 Rg7 35. Ra6+ Ke5 36. f4+ Kf5 37. Kf3 h5 38. Ra5+ Kg6 39. Nc5
Bd8 40. Rb5 Bb6 41. Ne4 Rd7 42. Rg5+ Kh6 43. Rxh5+ Kg6 44. f5+ Kg7 1-0

[Event "Druzynowe Mistrzostwa Regionu KPZSzach 2"]
[Site "Kujawsko-pomorskie"]
[Date "2020.??.??"]
[Round "4.24"]
[White "Theuss, Tomasz"]
[Black "Urban, Jacek"]
[Result "0-1"]
[WhiteElo "1605"]
[BlackElo "1399"]
[PlyCount "74"]
[EventDate "2020.??.??"]

1. e4 e5 2. Nf3 Nf6 3. Nxe5 d6 4. Nf3 Nxe4 5. d4 Nf6 6. Bg5 Be7 7. Bc4 O-O 8.
h3 d5 9. Bd3 Re8 10. O-O a6 11. Nbd2 Nbd7 12. Re1 Nf8 13. Ne5 Ne6 14. Be3 c5
15. c3 cxd4 16. cxd4 Bd6 17. Ndf3 Bd7 18. Nxd7 Qxd7 19. Ne5 Qc7 20. Rc1 Qb6 21.
b3 Rad8 22. Bb1 Bb4 23. Re2 Ba3 24. Rcc2 Ne4 25. Nf3 Qd6 26. Nd2 f5 27. Nxe4
dxe4 28. Rc4 b5 29. Rcc2 Nc7 30. Bc1 Bxc1 31. Qxc1 Nd5 32. Rc6 Qf4 33. a4 Qxc1+
34. Rxc1 bxa4 35. bxa4 Nf4 36. Ba2+ Kf8 37. Rb2 Nd3 0-1